Țările vecine cu Serbia - Statistics

General Stats
  • This quiz has been taken 4 times
  • The average score is 7 of 8
Answers on the Map
Answers color-coded by a green-red scale on the quiz's map according to % correct below.
 
Answer Stats
Țară % Correct
Bulgaria
100%
Croația
100%
Kosovo
100%
Macedonia de Nord
100%
România
100%
Ungaria
100%
Bosnia și Herțegovina
67%
Muntenegru
0%
No matching quizzes found
Score Distribution
Percent of People with Each Score
Percentile by Number Answered
Your Score History
You have not taken this quiz